Antonio Vivaldi Hudba pro všechna roční období. 1

Hlavní autor: Vivaldi, Antonio, 1678-1741
Jazyk: Čeština
Vydáno: Praha : Reader's Digest Výběr, p2003
Edice: Klenoty klasické hudby
Témata:
Fyzický popis: 1 zvuková kazeta : analog, Dolby systém + 1 leták (10 x 17 cm)
Zvukové nahrávky
Uloženo v:
LEADER 01731njm a2200361 a 4500
001 000700160
003 CZ BrMZK
005 20031217124516.0
007 ss lsnjlcmpnzu
008 031212s2003 xr zz f e cze d
028 0 1 |a RDCZMC MS 01-11-1  |b Reader's Digest Výběr 
040 |a BOA001  |b cze 
047 |a zz 
080 |a (086.7)  |2 MRF 
080 |a 785  |2 MRF 
100 1 |a Vivaldi, Antonio,  |d 1678-1741  |7 jn19990008800  |4 cmp 
240 1 0 |a Koncerty,  |m kytara, orchestr,  |r D dur 
245 1 0 |a Antonio Vivaldi  |h [zvukový záznam].  |p Hudba pro všechna roční období.  |n 1 
246 3 0 |a Hudba pro všechna roční období 
260 |a Praha :  |b Reader's Digest Výběr,  |c p2003 
300 |a 1 zvuková kazeta :  |b analog, Dolby systém +  |e 1 leták (10 x 17 cm) 
490 1 |a Klenoty klasické hudby 
500 |a Kompilace 
500 |a Vydáno také na kazetách s objednacími čísly RDCZ MS 01-11-1--RDCZ MS 011-1-3 
505 2 0 |t Čtvero ročních dob z cyklu Il cimento dell' armonia e dell' invenzione, op. 8 --  |t Jaro, op. 8 č. 1, RV. 269 --  |t Léto, op. 8 č. 2, RV 315 --  |t Podzim, op. 8 č. 3, RV 293 --  |t Zima, op. 8 č. 4, RV 297 --  |t Koncert pro kytaru D dur --  |t Concerto grosso a moll, op. 3 č. 8 --  |t Koncert pro dvoje housle A dur, op. 3 č. 5, RV 519 --  |t Koncert pro jedenáct sólistů C dur 
511 0 |a V podání různých interpretů a orchestrů 
650 0 4 |a různé hudební formy 
655 7 |a zvukové kazety  |7 fd186720  |2 czenas 
730 0 |a Koncerty,  |m housle (2), orchestr,  |n op. 3, č. 5, RV 519,  |r A dur 
830 0 |a Klenoty klasické hudby 
910 |a BOA001  |b KZ-0011.338,1 
990 |a AV 
996 6 |b 261H012449  |c KZ-0011.338,1  |l MZK  |r Sklad / do 24 hodin  |n 0  |w 000700160  |u 000010  |a 1  |e BOA001  |j MZK50  |s P